Catalog

Record Details

Catalog Search



Gemeinde - Raum des Vertrauens : Neutestamentliche Beobachtungen und freikirchliche Perspektiven Cover Image Book Book

Gemeinde - Raum des Vertrauens : Neutestamentliche Beobachtungen und freikirchliche Perspektiven Wiard Popkes

Popkes, Wiard (Author).

Record details

  • ISBN: 3-7893-7171-8
  • Physical Description: 255 S.
  • Publisher: Wuppertal J. G. Oncken Verlag 1984

Available copies

  • 1 of 1 copy available at Common Catalog SPOK.

Holds

  • 0 current holds with 1 total copy.
Show Only Available Copies
Location Call Number / Copy Notes Barcode Shelving Location Status Due Date
ETS Library 262 424470001680 Volný výběr Available -

LDR 00733nam a2 00229
00139226
003CZ-PrJAB
00520030512000000.0
008030324s1984 xr e |||| |ger
009ge
020 . ‡a3-7893-7171-8
035 . ‡a(CONS)3028
035 . ‡aKPS1224
041 . ‡ager
08214. ‡a262
100 . ‡75591 ‡aPopkes, Wiard
245 . ‡aGemeinde - Raum des Vertrauens : ‡bNeutestamentliche Beobachtungen und freikirchliche Perspektiven ‡cWiard Popkes
260 . ‡aWuppertal ‡bJ. G. Oncken Verlag ‡c1984
300 . ‡a255 S.
653 . ‡aGemeinde - Raum des Vertrauens ‡aNeutestamentliche Beobachtungen und freikirchliche Perspektiven
8524 . ‡bETS ‡bETS ‡cVolný výběr ‡j262 ‡gA ‡p424470001680
910 . ‡aABG450
999 . ‡a3028 ‡bAUTOGEN ‡c3028 ‡tbiblio
905 . ‡uadmin
901 . ‡a39226 ‡b ‡c39226 ‡tbiblio ‡sets

Additional Resources